00954 2200325 4500001002100000005001700021008004100038020002200079035002400101040001200125041000800137082001700145084001700162090001900179100002500198245013600223250001800359260003000377300003200407440002800439650002300467700001700490700001800507700001900525700001800544850001200562990001800574990001800592990001800610INLIS00000000003197920171031092942.0  a978-602-420-180-7 0010-101700000000657 aYOPDYOG0 aind042[23]a028.55 a028.55 Aly S aK 028.55 Aly S0 aALYA NABILAd, 1998-1 aShopaholic girlc/ Alya Nabila; penyunting naskah, Ridwan Fauzy, Hendra Wibawa, Dadan Ramadhan; penyunting ilustrasi, Iwan Yuswandi aEd. 2, Cet. 1 aBandungbDAR! Mizanc2016 a108 hlm.b: ilus.c; 21 cm. aKecil-kecil punya karya 4aBacaan kanak-kanak0 aRidwan Fauzy0 aHendra Wibawa0 aDadan Ramadhan0 aIwan Yuswandi aYOPDYOG a28711-PD/B.17 a28712-PD/B.17 a28713-PD/B.17